| 000 | 00523nam a2200181Ia 4500 | ||
|---|---|---|---|
| 003 | GCL | ||
| 008 | 140319s9999 xx 000 0 ara d | ||
| 040 |
_aGCL / _cGCL |
||
| 082 | 0 | 4 |
_aق _b962.06 _bم م |
| 100 | 1 | _aمحمد الجوادى | |
| 245 | 1 | 0 |
_aمذكرات وزراء الثورة : دراسة تشريعية تاريخية نقدية / _cمحمد الجوادى |
| 300 | _a159 ص | ||
| 490 | _a | ||
| 650 | 0 | 4 | _aمصر |
| 650 | 0 | 4 | _aالتاريخ |
| 650 | 0 | 4 | _aثورة 23 يوليو 1952 |
| 942 |
_2ddc _cBK |
||
| 999 |
_c45074 _d45074 |
||